Statistiques concernant Mers sur une carte du monde

Cliquez ici pour prendre le quiz!

Statistiques générales

  • Ce quiz a été pris 4,801 fois
  • Le résultat moyen est 10 sur 15

Statistiques - réponses

mer % Correct
mer Noire
95%
mer Méditerranée
92%
mer Rouge
92%
mer du Nord
90%
mer Baltique
79%
mer des Caraïbes
75%
mer Caspienne
75%
mer Adriatique
70%
mer Égée
64%
mer du Japon
59%
mer de Béring
44%
mer d'Arabie
41%
mer de Tasman
33%
mer de Chine orientale
29%
mer de Chine méridionale
28%

Distribution des résultats

Percentile by Number Answered

% des personnes avec chaque résultat

Votre développement - résultats

Vous n’avez pas pris ce quiz